[Event "Titled Tuesday intern op 29th Mar Early"]
[Site "Chess.com INT"]
[Date "2022.03.29"]
[Round "2"]
[White "Sanal, Vahap"]
[Black "Kozlov, Gennady"]
[Result "1-0"]
[WhiteElo "2601"]
[BlackElo "2374"]
[PlyCount "123"]
[EventDate "2022.03.29"]
[EventType "swiss (blitz)"]
[EventRounds "11"]
[EventCountry "USA"]
[SourceTitle "CBM 207 Extra"]
[Source "ChessBase"]
[SourceDate "2022.05.31"]
[SourceVersion "1"]
[SourceVersionDate "2022.05.31"]
[SourceQuality "1"]

1. e4 e6 2. d4 d5 3. Nc3 dxe4 4. Nxe4 Bd7 5. c4 Bc6 6. Nc3 Nf6 7. Nf3 Bb4 8. Be3 0-0 9. Be2 b6 10. Ne5 Bb7 11. Bf3 c6 12. 0-0 Bd6 13. Bg5 h6 14. Bh4 Bxe5 15. dxe5 Qxd1 16. Raxd1 Nfd7 17. Rfe1 Rc8 18. Kf1 Nf8 19. Ne4 Ba6 20. Nd6 Rc7 21. b4 Ng6 22. Bg3 h5 23. h4 Bb7 24. Nxb7 Rxb7 25. Rd8+ Kh7 26. b5 Rc7 27. Bxh5 a6 28. Bf3 axb5 29. cxb5 Ne7 30. Be4+ g6 31. Bf4 Nd5 32. Bg5 Rca7 33. Bxd5 cxd5 34. Rc1 Nd7 35. Rxa8 Rxa8 36. Rc7 Nxe5 37. f4 Nc4 38. Rxf7+ Kg8 39. Rf6 Rxa2 40. Rxg6+ Kf7 41. Rf6+ Ke7 42. h5 Ne3+ 43. Kg1 d4 44. h6 d3 45. h7 d2 46. Rf8+ Kxf8 47. h8Q+ Kf7 48. Qf6+ Kg8 49. Qxe6+ Kg7 50. Bf6+ Kg6 51. Bc3+ Kh5 52. Bxd2 Ra1+ 53. Kf2 Ng4+ 54. Kf3 Rf1+ 55. Ke2 Rf2+ 56. Ke1 Rxg2 57. Qxb6 Kh4 58. Kd1 Nf2+ 59. Qxf2+ Rxf2 60. Be1 Kg4 61. Bxf2 Kxf4 62. b6 1-0

[Event "Titled Tuesday intern op 15 Mar Late"]
[Site "Chess.com INT"]
[Date "2022.03.15"]
[Round "1"]
[White "Kozlov, Gennady"]
[Black "Ardila, Oscar Humberto"]
[Result "1-0"]
[WhiteElo "2374"]
[BlackElo "1988"]
[PlyCount "79"]
[EventDate "2022.03.15"]
[EventType "swiss (blitz)"]
[EventRounds "11"]
[EventCountry "USA"]
[SourceTitle "CBM 207 Extra"]
[Source "ChessBase"]
[SourceDate "2022.05.31"]
[SourceVersion "1"]
[SourceVersionDate "2022.05.31"]
[SourceQuality "1"]

1. b3 Nf6 2. Bb2 e6 3. e3 Be7 4. f4 c5 5. Nf3 Nc6 6. Be2 0-0 7. 0-0 d6 8. Qe1 Qc7 9. Qg3 a6 10. a4 b6 11. Na3 Bb7 12. Rae1 Rad8 13. Bd3 Nb4 14. Ng5 Nxd3 15. cxd3 h6 16. Ne4 Bxe4 17. dxe4 Ne8 18. Nc4 b5 19. axb5 axb5 20. Na3 Qa5 21. Re2 Bf6 22. e5 dxe5 23. fxe5 Be7 24. Nb1 c4 25. bxc4 bxc4 26. Nc3 Qb4 27. Ba1 Ra8 28. Ne4 Rxa1 29. Rxa1 Qb2 30. Rf1 Qc2 31. Qg4 Qd3 32. Ref2 Nc7 33. Nf6+ Bxf6 34. exf6 g6 35. Rc1 Nd5 36. Qxc4 Qa3 37. e4 Nb6 38. Qc3 Qa4 39. Qe3 Nc4 40. Qxh6 1-0